000 01063nam a2200289 4500
001 0000019039
003 CO-CtgCURN
005 20250825223110.0
008 160627s2002 000 0 eng d
020 _a958410005X
040 _aCO-CtgCURN
_bspa
_ccoctgcurn
082 0 _a004.65
_bT545i
100 1 _aTiznado Santana, Marco Antonio.
245 1 3 _aEl camino facil a Internet 2000 :
_benter plus /
_cMarco Antonio Tiznado Santana , revision tecnica Alejandro Vásquez Molina.
260 _aBogotá :
_bMcGraw Hill Interamericana,
_c2002.
300 _axii, 202 p.
336 _2rdacontent
337 _2rdamedia
_asin mediacion
_bn
338 _2rdacarrier
_avolumen
_bnc
500 _aIncluye Ejercicios Propuestos\ apendice e indice.
505 8 _aIniciar con Internet.--Servicios de Internet.--Comunicación en Internet
650 0 _aBusquedas en internet.
700 1 _aVásquez Molina, Alejandro, R.
908 _a160627
942 _cBK
_h004.65
_iT545i
_2ddc
999 _c49497
_d49497
_x1